Recent sedimentation and erosional history of Fivemile Creek, Freemont County, Wyoming /

Bibliographic Details
Main Author: Hadley, R. F. (Richard Frederick), 1924-
Format: Government Document Book
Language:English
Published: Washington : U.S. Govt. Print. Off, 1960.
Series:Erosion and sedimentation in a semiarid environment.
Subjects:

MARC

Tag First Indicator Second Indicator Subfields
LEADER 00000cam a2200000Ii 4500
001 in00002784593
005 20151202171847.0
008 790509s1960 dcuabf b f000 0 eng d
035 |a (OCoLC)ocm04946760 
035 |a (OCoLC)4946760 
040 |a MIA  |c MIA  |d IAS  |d OCLCQ  |d COF  |d OCLCQ  |d TXJ  |d NRU  |d UtOrBLW 
043 |a n-us-wy 
049 |a TXAM 
050 1 4 |a QE75  |b .P9 no.350-, 352-A 
082 0 4 |a 557.3  |b U58p no. 352-A 
086 0 |a I 19.16:352-A 
100 1 |a Hadley, R. F.  |q (Richard Frederick),  |d 1924- 
245 1 0 |a Recent sedimentation and erosional history of Fivemile Creek, Freemont County, Wyoming /  |c by Richard F. Hadley. 
264 1 |a Washington :  |b U.S. Govt. Print. Off,  |c 1960. 
300 |a iii, 16 pages, 2 unnumbered pages of plates :  |b illustrations, maps (2 folded in pocket) ;  |c 29 cm. 
336 |a text  |b txt  |2 rdacontent 
337 |a unmediated  |b n  |2 rdamedia 
338 |a volume  |b nc  |2 rdacarrier 
490 1 |a Erosion and sedimentation in a semiarid environment 
490 1 |a Geological Survey professional paper 352-A 
504 |a Includes bibliographical references (pages 15-16). 
650 0 |a Sediments (Geology) 
650 0 |a Erosion  |z Wyoming  |z Freemont County. 
830 0 |a Erosion and sedimentation in a semiarid environment. 
810 1 |a United States.  |b Geological Survey.  |t Professional paper ;  |v 352-A. 
948 |a cataloged  |b h  |c 2012/12/14  |d c  |e mvaldespin  |f 09:25:49 am 
994 |a C0  |b TXA 
999 |a MARS 
999 f f |s 27998c32-72c8-3b2f-b767-1d1d6a377346  |i 98c8fc7d-b8dc-3167-8791-19a57b7ed04d  |t 0 
952 f f |p normal  |a Texas A&M University  |b College Station  |c Sterling C. Evans Library  |d Evans: US Documents (Annex 5th floor)  |t 0  |e I 19.16:350-352 A-I  |h Superintendent of Documents classification  |i unmediated -- volume  |m A14832129439 
952 f f |a Texas A&M University  |b College Station  |c Sterling C. Evans Library  |d Evans: US Documents (Annex 5th floor)  |t 0  |e I 19.16:350-352 A-I  |h Superintendent of Documents classification 
998 f f |a I 19.16:350-352 A-I  |t 0  |l Evans: US Documents (Annex 5th floor)